Bardzo rzadkie męskie imiona 150-200 - Statystyki

Ogólne statystyki
  • Ten quiz został rozwiązany 205 razy
  • Średni wynik to 16 z 51
Statystyki odpowiedzi
Miejsce Ile używanych Imię % Poprawnych
168 2,602 Adolf
51%
194 1,124 Łucjan
45%
153 4,649 Hieronim
43%
154 4,647 Jeremi
43%
150 5,232 Iwo
41%
197 894 August
39%
158 4,050 Sergiusz
39%
152 4,766 Kordian
38%
172 2,344 Jonasz
36%
171 2,349 Korneliusz
36%
162 3,192 Maurycy
36%
157 4,083 Zygfryd
36%
159 3,774 Olgierd
35%
195 1,042 Wit
35%
169 2,492 Albin
34%
166 2,679 Jeremiasz
34%
184 1,562 Klemens
32%
180 1,710 Patrycjusz
32%
183 1,571 Eliasz
31%
189 1,340 Ferdynand
31%
160 3,239 Walenty
31%
182 1,627 Walerian
31%
191 1,197 Dionizy
30%
161 3,235 Kewin
30%
177 2,104 Kryspin
30%
164 2,903 Arnold
29%
163 3,038 Augustyn
29%
199 702 Aureliusz
29%
170 2,417 Emanuel
29%
187 1,359 Kosma
29%
173 2,302 Miron
29%
156 4,488 Wincenty
29%
178 2,078 Ziemowit
29%
165 2,721 Benjamin
28%
190 1,279 Jaromir
28%
179 2,014 Tytus
28%
200 611 Zachariasz
26%
167 2,646 Herbert
25%
175 2,230 Jonatan
25%
185 1,451 Kasjan
25%
196 916 Zbysław
25%
151 5,003 Rudolf
24%
186 1,366 Wawrzyniec
24%
155 4,614 Frederyk
23%
188 1,351 Jacenty
23%
192 1,183 Radomir
23%
193 1,127 Eligiusz
22%
198 805 Gniewomir
22%
181 1,634 Lechosław
22%
176 2,158 Helmut
21%
174 2,259 Timur
21%
Nie znaleziono quizów pasujących do podanych kryteriów
Rozkład punktacji
Procent ludzi z każdym wynikiem
Percentyl według liczby udzielonych odpowiedzi
Twoja historia wyników
Nie rozwiązałeś tego quizu